Minecraft Languages (JE 1.21.11) - Statistics

General Stats
  • This quiz has been taken 22 times
    5 since last reset
  • The average score is 104 of 137
Answer Stats
Group Subgroup Answer % Correct
Albanian Albanian
100%
Germanic en American English
100%
Romance sp Argentine Spanish
100%
Germanic en Australian English
100%
Germanic ge Austrian German
100%
Germanic no Bokmål
100%
Slavic se Bosnian
100%
Germanic en British English
100%
Slavic Bulgarian
100%
Germanic en Canadian English
100%
Romance sp Chilean Spanish
100%
Slavic se Croatian
100%
Slavic Czech
100%
Afro-Asiatic Arabic
100%
Turkic Azerbaijani
100%
Romance fr Canadian French
100%
Baltic Latvian
100%
Slavic se Serbian (Latin)
100%
Romance sp Ecuadorian Spanish
100%
Uralic Estonian
100%
Romance fr European French
100%
Romance sp European Spanish
100%
Uralic Finnish
100%
Kartvelian Georgian
100%
Germanic ge German
100%
Hellenic Greek
100%
Germanic no High Norwegian
100%
Indo-Aryan Hindi
100%
Uralic Hungarian
100%
Celtic Irish
100%
Romance Italian
100%
Japonic Japanese
100%
Turkic Kazakh
100%
Koreanic Korean
100%
Slavic Macedonian
100%
Romance sp Mexican Spanish
100%
Germanic en New Zealand English
100%
Germanic no Nynorsk
100%
Slavic Polish
100%
Romance Romanian
100%
Slavic ru Russian (Contemporary)
100%
Slavic ru Russian (Pre-Revolutionary)
100%
Slavic se Serbian (Cyrillic)
100%
Sinitic ch Simplified Chinese (China)
100%
Slavic Slovak
100%
Slavic Slovene
100%
Afro-Asiatic Somali
100%
Germanic Swedish
100%
Germanic ge Swiss German
100%
Sinitic ch Traditional Chinese (Hong Kong)
100%
Sinitic ch Traditional Chinese (Taiwan)
100%
Turkic Turkish
100%
Slavic uk Ukrainian
100%
Romance sp Uruguayan Spanish
100%
Romance sp Venezuelan Spanish
100%
Germanic Afrikaans
75%
Armenian Armenian
75%
Romance as Asturian
75%
Language isolate Basque
75%
Germanic ge Bavarian
75%
Slavic be Belarusian (Cyrillic)
75%
Slavic be Belarusian (Latin)
75%
Romance po Brazilian Portuguese
75%
Celtic Breton
75%
Romance ca Catalan
75%
Celtic Cornish
75%
Germanic Danish
75%
Atlantic-Congo Igbo
75%
Celtic Welsh
75%
Germanic du Dutch
75%
Germanic Elfdalian
75%
Constructed languages es Esperanto
75%
Romance po European Portuguese
75%
Iranian Farsi (Persian)
75%
Austronesian ta Filipino
75%
Germanic du Flemish
75%
Romance Friulian
75%
Romance Galician
75%
Slavic uk Halychian
75%
Austronesian Hawaiian
75%
Afro-Asiatic Hebrew
75%
Austronesian ma Indonesian (Enhanced Spelling)
75%
Austronesian ma Indonesian (Van Ophuijsen Spelling)
75%
Dravidian Kannada
75%
Turkic Kyrgyz
75%
Kra-Dai Lao
75%
Romance Latin
75%
Germanic Limburgish
75%
Baltic Lithuanian
75%
Romance Lombard
75%
Austronesian ma Malaysian (Jawi)
75%
Austronesian ma Malaysian (Latin)
75%
Romance Occitan
75%
Celtic Scottish Gaelic
75%
Slavic Silesian
75%
Austronesian ta Tagalog
75%
Dravidian Tamil
75%
Kra-Dai Thai
75%
Romance Venetian
75%
Germanic West Frisian
75%
Atlantic-Congo Yoruba
75%
Romance sp Andalusian
50%
Turkic Bashkir
50%
Constructed languages Toki Pona
50%
Germanic Faroese
50%
Germanic Icelandic
50%
Constructed languages es Ido
50%
Constructed languages Klingon
50%
Constructed languages Lojban
50%
Germanic ge Low German
50%
Germanic ge Luxembourgish
50%
Afro-Asiatic Maltese
50%
Uto-Aztecan Nahuatl
50%
Uralic Northern Sami
50%
Germanic en Pirate Speak (joke)
50%
Constructed languages Quenya (Elvish)
50%
Slavic Rusyn
50%
Turkic Tatar
50%
Germanic ge Upper Saxon
50%
Germanic en Upside Down English (joke)
50%
Austroasiatic Vietnamese
50%
Turkic Yakut
50%
Germanic Yiddish
50%
Germanic en Anglish (Germanic Purism)
25%
Germanic du Brabantian
25%
Romance as Cantabrian
25%
Germanic ge Colognian
25%
Sinitic ch Literary Chinese
25%
Maya Tzotzil
25%
Germanic ge East Franconian
25%
Constructed languages Interslavic
25%
Germanic en LOLCAT (joke)
25%
Mongolic Mongolian
25%
Oto-Manguean Popoloca
25%
Germanic en Shakespearean English (joke)
25%
Romance ca Valencian
25%
Constructed languages Viossa
25%
No matching quizzes found
Score Distribution
Percent of People with Each Score
Percentile by Number Answered
Your Score History
You have not taken this quiz since the last reset